Biggest Non-US Retailers (2008) Quiz Stats

 Plays Quiz Updated Mar 4, 2020

Support Sporcle.
Go Orange.
Score 0/20 Timer 07:00
0 Plays Today
Retail sales ($mil) Company % Correct
79,976Tesco
74.1%
31,912Sainsbury's
47.2%
50,010Aldi
43.3%
97,861Carrefour
39.4%
23,035Morrisons
27.2%
32,456Woolworths
14.2%
33,678ITM
11.4%
74,857Metro
11.1%
37,149Koninklijke Ahold
7.3%
38,692E. LeClerc
7.2%
Retail sales ($mil) Company % Correct
26,967Groupe Casino
7.1%
43,154Groupe Auchan
7%
25,580Coles
6%
43,835Seven & I
5%
45,850Rewe-Zentral
3.7%
40,749Edeka
3.5%
24,151Delhaize
3.4%
26,380Tengelmann
3.3%
52,422Schwarz Unternehmens
2.9%
38.058AEON
2.3%

From the Vault

Images That Start with 'R'

by sproutcm

'R' you ready to Sporcle?
Remove Ads.
Support Sporcle.
Get the best of Sporcle when you Go Orange. This ad-free experience offers more features, more stats, and more fun while also helping to support Sporcle. Thank you for becoming a member.

Show Comments

Extras

Top Quizzes Today


Score Distribution

Your Account Isn't Verified!

In order to create a playlist on Sporcle, you need to verify the email address you used during registration. Go to your Sporcle Settings to finish the process.

Report this User

Report this user for behavior that violates our Community Guidelines.

Details: